Un po' di febbre

Đã lưu trong:
Chi tiết về thư mục
Tác giả chính: Penna Sandro
Định dạng: Sách
Ngôn ngữ:Tiếng không xác định
Được phát hành: Milano Garzanti 2002
Các nhãn: Thêm thẻ
Không có thẻ, Là người đầu tiên thẻ bản ghi này!

MARC

LEADER 00000nam a2200000Ia 4500
001 196
003 NUMERAZIONE-ORIGINALE-BRESCIA
005 20260206230749.0
008 260206s9999 xx 000 0 und d
100 |a Penna Sandro 
245 0 |a Un po' di febbre 
260 |a Milano 
260 |b Garzanti 
260 |c 2002 
500 |a Gli Elefanti 
942 |2 ddc  |c BK  |n 0 
952 |0 0  |1 0  |2 ddc  |4 0  |6 12  |7 0  |9 28396  |a BS  |b BS  |d 2026-02-06  |i 196  |l 0  |o 1-2-*  |r 2026-02-06 22:40:34  |w 2026-02-06  |x [REVISIONARE]  |y BK 
999 |c 24077  |d 24077